Capitals to Countries #2 - Statistics

General Stats
  • This quiz has been taken 27 times
  • The average score is 12 of 16
Answer Stats
Hint Answer % Correct
Havana Cuba
100%
Santiago Chile
96%
Beijing China
96%
Kabul Afghanistan
92%
Riga Latvia
92%
Vaduz Liechtenstein
88%
Baku Azerbaijan
79%
Tbilisi Georgia
79%
Paramaribo Suriname
79%
Monrovia Liberia
75%
Windhoek Namibia
75%
Abuja Nigeria
75%
Honiara Solomon Islands
54%
Nuku'alofa Tonga
54%
Lusaka Zambia
54%
Yaren Nauru
50%
No matching quizzes found
Score Distribution
Percent of People with Each Score
Percentile by Number Answered
Your Score History
You have not taken this quiz